000 01987cam a2200277 a 4500
003 OSt
005 20240530110425.0
008 110307s2011 maua f b 001 0 eng
020 _a9781592536979 (pbk.)
020 _a1592536972 (pbk.)
035 _a(OCoLC)ocn662403504
040 _aEG-CaGPL
_cEG-CaGPL
082 0 4 _221
_a748.2028\
_bC G
100 1 _aCohen, Cecilia.
245 1 4 _aThe glass artist's studio handbook :
_btraditional and contemporary techniques for working with glass /
_cCecilia Cohen.
260 _aBeverly, Mass. :
_bQuarry Books,
_c2011.
300 _a176 p. :
_bill. (chiefly col.) ;
_c27 cm.
490 1 _aBack yard series
504 _aIncludes bibliographical references and index.
520 _a"The Glass Artist's Studio Handbook offers readers a comprehensive and accessible guide to not only the nuts and bolts of this perennially popular craft but insight into the artisan crafter's lifestyle. Our book offers much, much more than "just projects" - it will fast become the go-to reference for all home crafters. Many glass art how-to books on the market provide precise patterns and instructions for projects that are fairly traditional in technique, materials and style. Completing a project from those books leaves you with a piece that is ideally identical to what the author created - and to what every other student using the book created. Many books are strong in the basics but do not do enough to challenge us to stretch our imagination, experiment with new styles, and explore materials. Readers want creative challenge and stimulation, and Quarry delivers with this complete glass art curriculum"--
_cProvided by publisher.
650 0 _aGlass blowing and working.
830 0 _aBackyard series.
856 4 2 _3Publisher description
_uhttp://catdir.loc.gov/catdir/enhancements/fy1107/2011005053-d.html
856 4 2 _3Contributor biographical information
_uhttp://catdir.loc.gov/catdir/enhancements/fy1107/2011005053-b.html
942 _2ddc
_cBK
999 _c60729
_d60729